El túnel de cristal / (Registro nro. 2312)

Detalles MARC
000 -CABECERA
Longitud fija campo de control 00887nam a2200301 a 4500
003 - • IDENTIFICADOR DELl NÚMERO DE CONTROL
Identificador del número de control CO-ViMGA
008 - • CÓDIGOS DE INFORMACIÓN DE LONGITUD FIJA
Códigos de información de longitud fija 141112s2004 ck r 000 u spa d
020 ## - • NÚMERO INTERNACIONAL NORMALIZADO PARA LIBROS
Número Internacional Normalizado para Libros (ISBN) 9789588445328
040 ## - FUENTE DE LA CATALOGACIÓN
Centro catalogador de origen CO-ViMGA
Lengua de catalogación spa
Centro transcriptor CO-ViMGA
041 ## - • CÓDIGO DE LENGUA
Código de lengua del texto/banda sonora o título independiente SPA
100 1# - • PUNTO DE ACCESO PRINCIPAL-NOMBRE DE PERSONA
Nombre de persona Gripe, María, 1923 - 2007
245 10 - • TITULO PROPIAMENTE DICHO
Título El túnel de cristal /
Mención de responsabilidad, etc. Maria Gripe ; traducción de Ángela García
250 ## - • MENCIÓN DE EDICIÓN
Mención de edición 1a ed.
300 ## - • DESCRIPCIÓN FÍSICA
Extensión 214 p.
490 ## - • MENCIÓN DE SERIE
Mención de serie Frontera
500 ## - • NOTA GENERAL
Nota general Título original : Glasstunneln
650 14 - • PUNTO DE ACCESO ADICIONAL DE MATERIA - TÉRMINO DE MATERIA
Término de materia o nombre geográfico como elemento inicial ABUELOS - NOVELA
650 14 - • PUNTO DE ACCESO ADICIONAL DE MATERIA - TÉRMINO DE MATERIA
Término de materia o nombre geográfico como elemento inicial ADOLESCENCIA - NOVELA
650 14 - • PUNTO DE ACCESO ADICIONAL DE MATERIA - TÉRMINO DE MATERIA
Término de materia o nombre geográfico como elemento inicial AUTORES SUECOS
650 14 - • PUNTO DE ACCESO ADICIONAL DE MATERIA - TÉRMINO DE MATERIA
Término de materia o nombre geográfico como elemento inicial DESDE LOS 15 AÑOS
650 14 - • PUNTO DE ACCESO ADICIONAL DE MATERIA - TÉRMINO DE MATERIA
Término de materia o nombre geográfico como elemento inicial LITERATURA SUECA - SIGLO XX
650 14 - • PUNTO DE ACCESO ADICIONAL DE MATERIA - TÉRMINO DE MATERIA
Término de materia o nombre geográfico como elemento inicial NOVELA SUECA - SIGLO XIX
700 1# - • PUNTO DE ACCESO ADICIONAL - NOMBRE DE PERSONA
Nombre de persona García, Ángela
942 ## - ENTRADA DE ELEMENTOS AGREGADOS (KOHA)
Fuente de clasificaión o esquema Dewey Decimal Classification
Koha [por defecto] tipo de item LIbro
Existencias
Perdido Fuente de clasificación o esquema Estado Físico No para préstamo Forma de adquisición Localización permanente Localización actual Localización en estanterías Fecha adquisición Préstamos totales Código de barras Fecha última consulta Número de copia Fecha del precio de reemplazo Tipo de item de Koha Signatura completa Serie de enumeración / cronolog&íacute;a Note pública
  Dewey Decimal Classification     Infantil Biblioteca Pública Cumaral - Alvaro Garzon Torres Biblioteca Pública Cumaral - Alvaro Garzon Torres Sala Infantil 12/14/2022   CUM05500 12/14/2022 Ej.1 12/14/2022 Libro Literatura      
  Dewey Decimal Classification     Infantil Biblioteca Pública José Eustasio Rivera - San Martin Biblioteca Pública José Eustasio Rivera - San Martin Sala Infantil 03/04/2023   SM00459 03/04/2023 Ej.1 03/04/2023 Libro Infantil A ROD5    
  Dewey Decimal Classification     Infantil Biblioteca Pública Puerto López - Jorge Eliecer Gaitán Biblioteca Pública Puerto López - Jorge Eliecer Gaitán Sala Infantil 05/29/2023   PLZ01647 05/29/2023 Ej.1 05/29/2023 Literatura Infantil A ROD 5    
  Dewey Decimal Classification     Sala General Biblioteca Comunitaria - Villavicencio Biblioteca Comunitaria - Villavicencio   12/04/2015   27119 05/13/2019 Ej. 2 12/04/2015 LIbro N GRI2 29/ago/2014  
        Colección Sala Infantil de Literatura Pocatil y Tilín Biblioteca Pública Departamental Eduardo Carranza - Villavicencio Biblioteca Pública Departamental Eduardo Carranza - Villavicencio Sala Infantil 06/07/2012   ECA21104 11/26/2024 Ej.1 11/26/2024 LIbro A ROD5   15617 | 20347
  Dewey Decimal Classification     Sala General Segundo Piso Biblioteca Pública Germán Arciniegas - Villavicencio Biblioteca Pública Germán Arciniegas - Villavicencio   12/04/2015   010678 12/04/2015 Ej. 1 12/04/2015 LIbro N GRI2 10/jul/2014  
  Dewey Decimal Classification     Sala Infantil Segundo Piso Biblioteca Pública Germán Arciniegas - Villavicencio Biblioteca Pública Germán Arciniegas - Villavicencio   12/04/2015   25172 07/26/2024 Ej. 1 12/04/2015 LIbro A ROD5 27/jun/2012  
  Dewey Decimal Classification     Infantil Biblioteca Pública Guamal Biblioteca Pública Guamal Sala Infantil 02/10/2023   GUA001000 02/10/2023 Ej.1 02/10/2023 Libro Infantil A ROD5    
  Dewey Decimal Classification     Infantil Biblioteca Pública Mesetas - Franco lodo Poloxi Biblioteca Pública Mesetas - Franco lodo Poloxi Sala Infantil 07/14/2025   ME01530 03/17/2025 Ej.1 03/17/2025 LIbro C PLA    
  Dewey Decimal Classification       Biblioteca Pública San Juan de Arama - Concepción de Arama Biblioteca Pública San Juan de Arama - Concepción de Arama Sala Infantil 02/19/2026   SJA01166 02/19/2026 Ej.1 02/19/2026 LIbro A ROD 5    









Instituto Departamental de Cultura del Meta - Red Departamental de Bibliotecas Públicas del Meta.